Państwa, które pokonują Stany Zjednoczone - Statystyki

Ogólne statystyki
  • Ten quiz został rozwiązany 7 671 razy
    7 509 od ostatniego zresetowania
  • Średni wynik to 13 z 21
Statystyki odpowiedzi
Ranga Kategoria Państwo % Poprawnych
3 Największa populacja Chiny | Indie
100%
4 Największa powierzchnia Rosja | Kanada | Chiny
100%
4 Punkt najbardziej wysunięty na północ Kanada | Rosja | Norwegia
95%
4 Największa produkcja wina (2019) Włochy | Hiszpania | Francja
93%
4 Największa ilość osób mówiących po hiszpańsku Meksyk | Kolumbia | Argentyna
91%
3 Największa liczba turystów zagranicznych (2019) Francja | Hiszpania
88%
2 Największa ilość bomb atomowych Rosja
84%
4 Największa ilość medali olimpijskie w narciarstwie alpejskim Austria | Szwajcaria | Francja
78%
2 Najszybsza osoba na dystansie 100 metrów Jamajka
71%
5 Największa ilość wilków Kanada | Kazachstan | Rosja | Mongolia
62%
3 Największa ilość trzęsień ziemi o M większym niż 7,5 od 1990 roku Indonezja | Chile
56%
5 Największa ilość używanych języków Papua Nowa-Gwinea | Indonezja | Indie | Nigeria
56%
2 Największa ilość pól uprawnych Indie
52%
2 Największa ilość wysp powyżej 10 km2 Kanada
40%
2 Największa ilość aktywnych wulkanów Indonezja
39%
10 Najwyższy wskaźnik otyłości Nauru | Palau | Wyspy Marshalla | Tuvalu | Samoa | Tonga | Kiribati | Mikronezja | Kuwejt
38%
2 Największa ilość medali na Zimowych Igrzyskach Olimpijskich Norwegia
37%
13 Największa emisja CO 2 na mieszkańca (2019) Palau | Katar | Trynidad i Tobago | Kuwejt | Zjednoczone Emiraty Arabskie | Bahrajn | Oman | Arabia Saudyjska | Australia | Brunei | Luksemburg | Kanada
31%
3 Największa ilość spożycia wołowiny na mieszkańca Argentyna | Urugwaj
26%
2 Największa ilość pasków na fladze Malezja
20%
2 Największa ilość złotych medali w igrzyskach olimpijskie w baseballu Kuba
13%
Nie znaleziono quizów pasujących do podanych kryteriów
Rozkład punktacji
Procent ludzi z każdym wynikiem
Percentyl według liczby udzielonych odpowiedzi
Twoja historia wyników
Nie rozwiązałeś tego quizu od ostatniego zresetowania